| 000 | 00639nam a2200205Ia 4500 | ||
|---|---|---|---|
| 001 | 15459 | ||
| 003 | GE_BSU | ||
| 008 | 181216s||||||||xx |||||||||||||| ||und|| | ||
| 040 | _cGE_BSU | ||
| 080 | _a821.353.1-32 | ||
| 100 | _aჩხეიძე,ოთარ | ||
| 245 | _aჩემი სოფლის ეტიუდებიდან | ||
| 245 | _bმოთხრობები | ||
| 260 | _aთბილისი | ||
| 260 | _bსაბჭოთა საქართველო | ||
| 260 | _c1963 | ||
| 300 | _a186გვ.20სმ. | ||
| 653 | _aჩემი სოფლის ეტიუდებიდან | ||
| 942 | _cBK | ||
| 999 |
_c48562 _d48562 |
||